000 00694nam a2200205 i 4500
001 128526
003 ES-MaACL
005 20250719063314.0
007 t|
008 070517s1915 sp ||||1| spa d
100 1 _aTagore, Rabindranath,
_d1861-1941
_9109071
245 1 3 _aLa luna nueva
_b: poemas de niños /
_cpor Rabindranath Tagore ; traducción de Z.C.A. ; con un poema de Juan Ramón Jiménez.
250 _a2ª ed.
260 _aMadrid :
_b[Clásica Española],
_c1915.
300 _a107 p. ;
_c25 cm.
700 1 _aCamprubí de Jiménez, Zenobia.
_934307
700 1 _aJiménez, Juan Ramón,
_d1881-1958
_966417
852 _aES-MaACL
_jF-776
999 _c128526
_d128526